| 000 | 00572nam a22001817a 4500 | ||
|---|---|---|---|
| 003 | OSt | ||
| 005 | 20140311162958.0 | ||
| 008 | 130611t xxu||||| |||| 00| 0 eng d | ||
| 050 |
_aPQ 1278 _b.M452 2003 |
||
| 082 |
_aM 891.858 _bM452f 2003 |
||
| 245 |
_a5 French masters : _bGuy De Maupassant, Honore De Blazac, Victor Hugo, Anatole France, Pierre Louys / _cMaupassant, Guy de |
||
| 260 |
_aMumbai : _bJaico Publishing House, _c2003 |
||
| 300 |
_a280 p. : _bill. ; _c22 cm. |
||
| 521 | _acollege students | ||
| 541 | _j1 | ||
| 562 | _e1 | ||
| 942 |
_2lcc _cBK _kM |
||
| 999 |
_c39125 _d39125 |
||